Prídavky na deti
Pokračovanie z HN č. 136/01. Výška prídavkov na deti podľa jednotlivých príjmových pásem. Príjem, ktorý sa považuje na účely poskytovania prídavkov. Kde si treba uplatniť nárok na prídavky. Príklady.
Salvato in:
| Autore principale: | |
|---|---|
| Natura: | Capitolo di libro |
| Lingua: | slovacco |
| Soggetti: | |
| Tags: |
Nessun Tag, puoi essere il primo ad aggiungerne!!
|
MARC
| LEADER | 00000naa a2200000 4500 | ||
|---|---|---|---|
| 001 | r042227 | ||
| 005 | 20230801100336.0 | ||
| 041 | 0 | |a slo | |
| 044 | |a SK | ||
| 245 | 1 | 0 | |a Prídavky na deti |c Zuzana Tekulová |
| 520 | |a Pokračovanie z HN č. 136/01. Výška prídavkov na deti podľa jednotlivých príjmových pásem. Príjem, ktorý sa považuje na účely poskytovania prídavkov. Kde si treba uplatniť nárok na prídavky. Príklady. | ||
| 610 | 2 | 0 | |a prídavky na deti |
| 610 | 2 | 0 | |a príjmy rodinné |
| 610 | 2 | 0 | |a príjmy sociálne |
| 610 | 2 | 0 | |a politika rodinná |
| 610 | 2 | 0 | |a úpravy právne |
| 610 | 2 | 0 | |a Slovensko |
| 100 | 1 | |a Tekulová, Zuzana | |